书目信息

书名: 教育统计入门 
作者: 刘国铃 冯国卫
出版信息:   四川省教育科学研究所  
开本页数: 19cm  198页
丛书名:
单 册:
中图分类: D
科图分类:
主题词: 政治
电子资源:
ISBN:
000 00533nam0 2200193 450
001 0660340672
005 20060309164559.78
100    @a20060309d km y0chiy0120 ea
101 @achi
200 @a教育统计入门@Ajiao yu tong ji ru men@e讲义@f刘国铃,冯国卫@Fliu guo ling,feng guo wei
210    @c四川省教育科学研究所
215    @a198页@d19cm
517 @a讲义@Ajiang yi
606 @a政治
690    @aD@v3
701  0 @a刘国铃@Aliu guo ling
701  0 @a冯国卫@Afeng guo wei
801  0 @aCN@bNISOFT@c20060309
905    @a10447@dD@e1001
    
    教育统计入门:讲义/刘国铃,冯国卫.-四川省教育科学研究所
    198页;19cm
    
    
    ISBN :
    
相关链接 在五车中查询图书 在当当中查询图书 在豆瓣中查询图书


正题名:教育统计入门     索取号:D/1001         预约/预借

序号 登录号 条形码 馆藏地/架位号 状态 备注
1 111675   201116755   海科密-1楼/6架7列3层/ [索取号:D/1001] 在馆